000 00715nam a2200253Ia 4500
003 OSt
005 20220928124340.0
006 a|||||r|||| 00| 0
007 ta
008 220927b |||||||| |||| 00| 0 eng d
020 _c10542.4
024 _a129484
037 _b183, 03/03/2016, Excel Book International
_cTextual
040 _aSDCL
_cSDCL
_beng
041 _2eng
_aeng
082 _aXM8, Q1
100 _aBevir Mark Ed.
_9464534
245 0 _aSage handbook fo governance
260 _aLos
_bAngeles Sage
_c2011
300 _axv;576p.
_ccm.
650 _aHistory
942 _hXM8, Q1
_cTEXL
_2CC
999 _c777441
_d777441